000 00410nam a2200169Ia 4500
008 230524s9999 xx 000 0 und d
082 _a620
_bGAR
100 _aR.J.Garde
_98157
245 0 _aEngineering Fluid Mechanics
250 _a1ST
260 _aCHENNAI
_bScitech
_c2003
300 _aAI;11
500 _aQuantity Number: 1
650 _aMechanics
700 _a A.G.Mirajgaoker
_98158
942 _cBK
999 _c11397
_d11397